Normal view MARC view
  • Alonso-Fernández, Francisco,

Entry Nombre Personal

Number of records used in: 1

001 - NUMERO DE CONTROL

  • campo de control: 47757

003 - IDENTIFICADOR DE NUMERO DE CONTROL

  • campo de control: DLC

005 - FECHA Y HORA DE LA ÜLTIMA TRANSACCIÓN

  • campo de control: 20230207160139.0

008 - DATOS DE LONGITUD FIJA

  • campo de control de longitud fija: 950114n| acannaabn || aaa

010 ## - NÚMERO DE CONTROL DE LA BIBLIOTECA DEL CONGRESO

  • Número de control LC: n 95004461

035 ## - NUMERO DE CONTROL

  • Número de control: (OCoLC)oca03754069

040 ## - FUENTE DE CATALOGACIÓN

  • Agencia original de catalogación: DLC
  • Lenguaje de catalogación: spa
  • Agencia de transcripción: DLC
  • Agencia que lo modifica: DLC
  • Agencia que lo modifica: OCoLC
  • Agencia que lo modifica: MX-MxUPN

100 1# - ENCABEZAMIENTO - NOMBRE PERSONAL

  • Nombre personal: Alonso-Fernández, Francisco,
  • Fechas asociadas con el nombre: 1924-

370 ## - LUGAR ASOCIADO

  • Place of birth: Oviedo (España)

372 ## - CAMPO DE ACTIVIDAD

  • Field of activity: Psiquiatría
  • Field of activity: Psicología

373 ## - GRUPO ASOCIADO

  • Associated group: Universidad Complutense de Madrid
  • Fuente del término: naf

374 ## - OCUPACIÓN

  • Occupation: Profesor
  • Occupation: Psiquiatra

377 ## - LENGUA ASOCIADA

  • Language code: spa

670 ## - FUENTE EN LA QUE SE LOCALIZARON DATOS

  • Cita de la fuente: Estigmas, levitaciones y extasis, c1993:
  • Información localizada: portada (Francisco Alonso-Fernández) página 2 de la cubierta (Francisco Alonso Fernández, b. Oviedo 1924)

670 ## - FUENTE EN LA QUE SE LOCALIZARON DATOS

  • Cita de la fuente: Las otras drogas: alimento, sexo televisión, compras, juego, trabajo, 1996:
  • Información localizada: portada (Francisco Alonso-Fernández) solapa (Francisco Alonso-Fernández, nació en Oviedo; es catedrático emérito de Psiquiatría y Psicología por la Universidad Complutense de Madrid)

902 ## - CATALOGADOR

  • Catalogador: Víctor Ruiz/070223